Science Quiz

Random Science or Animal Quiz

Animals Eating Bananas Quiz Stats

 Plays Quiz Updated May 17, 2017

Support Sporcle.
Go Orange.
Score 0/16 Timer 03:00
0 Plays Today
% Correct
Elephant
99.7%
Gorilla
97.4%
Goat
96.5%
Rat
96.4%
Dog
95.6%
Chimpanzee
93.5%
Rabbit
92%
Tortoise
91.7%
% Correct
Cat
91.6%
Squirrel
91.6%
Parrot
91.5%
Human
91%
Raccoon
90.5%
Hamster
90.3%
Porcupine
84.9%
Giraffe
73.6%

You're not logged in!

Compare scores with friends on all Sporcle quizzes.
OR
Log In
Forgot?

From the Vault

NBA Dual MVP Winners

by RadShadow

You've gotta work extra hard to win the MVP award twice in one season.
Remove Ads.
Support Sporcle.
Get the best of Sporcle when you Go Orange. This ad-free experience offers more features, more stats, and more fun while also helping to support Sporcle. Thank you for becoming a member.

Show Comments

Extras

Top Quizzes Today


Score Distribution

Your Account Isn't Verified!

In order to create a playlist on Sporcle, you need to verify the email address you used during registration. Go to your Sporcle Settings to finish the process.

Report this User

Report this user for behavior that violates our Community Guidelines.

Details: